Statistiques concernant Les pays contenant entre 70 % et 80 % d'orthodoxes

Cliquez ici pour prendre le quiz!

Statistiques générales

  • Ce quiz a été pris 7 fois
  • Le résultat moyen est 2 sur 3

Statistiques - réponses

Hint Answer % Correct
73,64 %Bulgarie
100%
73,90 %Arménie
50%
78,00 %Chypre
33%

Distribution des résultats

Percentile par nombre de réponses

% des personnes avec chaque résultat

Votre développement - résultats

Vous n’avez pas pris ce quiz